| 000 | 01712cam a22004572 4500 | ||
|---|---|---|---|
| 999 |
_c80433 _d80433 |
||
| 001 | 1669371069 | ||
| 003 | DE-627 | ||
| 005 | 20201218092217.0 | ||
| 007 | tu | ||
| 008 | 190717s2019 gw ||||| 00| ||ger c | ||
| 015 |
_a19,N29 _2dnb |
||
| 015 |
_a20,B01 _2dnb |
||
| 016 | 7 |
_a1190307790 _2DE-101 |
|
| 020 |
_a9783000620690 _c : (Festeinband : EUR 24.90 (DE), EUR 25.20 (AT)) |
||
| 020 | _a3000620699 | ||
| 024 | 3 | _a9783000620690 | |
| 035 | _a(DE-627)1669371069 | ||
| 035 | _a(DE-599)DNB1190307790 | ||
| 035 | _a(DE-101)1190307790 | ||
| 040 |
_aDE-627 _bger _cDE-627 _erda _dStAFF |
||
| 041 | _ager | ||
| 044 | _cXA-DE-BB | ||
| 082 | 0 | 4 |
_a943 _a320 _qDE-101 |
| 245 | 1 | 0 |
_aDon Camillo & Peppone - C&A _bChristian Gehlsen, Axel Henschke : da der Christ - dort der Kommunist : DDR - Staatssicherheit - Mauerfall - vereintes Deutschland - Anarchie : wie aus Feinden Freunde werden : ein Buch der Versöhnung _cJörg Kotterba, oderfrankfurt-medien |
| 260 |
_aFrankfurt (Oder) _boderfrankfurt-medien _c[2019] |
||
| 264 | 1 |
_aFrankfurt (Oder) _boderfrankfurt-medien Jörg Kotterba _c[2019] |
|
| 300 |
_a173 Seiten _bIllustrationen _c22 x 29 cm, 600 g |
||
| 336 |
_aText _btxt _2rdacontent |
||
| 337 |
_aohne Hilfsmittel zu benutzen _bn _2rdamedia |
||
| 338 |
_aBand _bnc _2rdacarrier |
||
| 500 | _aZielgruppe - ab 12 | ||
| 500 | _amit Widmung | ||
| 546 | _aDeutsch | ||
| 650 | 0 | _aBiografien | |
| 651 | 0 | _aDeutschland (seit 1990) | |
| 951 | _aBO | ||
| 700 | 1 |
_aKotterba, Jörg _eVerfasserIn _0(DE-588)1197271686 _0(DE-627)1679068288 _4aut |
|
| 856 | 4 | 2 |
_uhttps://d-nb.info/1190307790/04 _mB:DE-101 _qapplication/pdf _v2020-01-08 _3Inhaltsverzeichnis |
| 942 |
_2z _cB |
||